000 00492nam a2200181Ia 4500
005 20250508152855.0
008 008 250505s9999 xx 000 0 eng d
037 _aTextual
040 _aFEDL
_beng
_cFEDL
041 _aeng
_2eng
084 _a040, NEH
_qFEDL
100 _aNehru Jawaharlal
245 0 _aIndia today and tomorrow
260 _aCalcutta, India
_bOrient Longmans Limited
_c1960
300 _av,45p.
942 _cTEXL
_h040, NEH
999 _c1339325
_d1339325